Loreto College Library, Kolkata
WEBOPAC (ONLINE PUBLIC ACCESS CATALOGUE)

Mathematics for competitive examinations (Record no. 42942)

MARC details
000 -LEADER
fixed length control field 00657nam a2200217Ia 4500
005 - DATE AND TIME OF LATEST TRANSACTION
control field 20220309163108.0
008 - FIXED-LENGTH DATA ELEMENTS--GENERAL INFORMATION
fixed length control field 131103s9999 xx 000 0 und d
020 ## - ISBN | অাই এস বি এন
ISBN | অাই এস বি এন 9788193339589
PRICE Rs.650.00
040 ## - CATALOGING SOURCE
Original cataloging agency Loreto College
041 ## - LANGUAGE CODE
Language code English
082 ## - DDC | ডিউই
Classification number | বর্গসংখ্যা 510
Book Number | গ্রন্থাঙ্ক JAN
100 ## - MAIN ENTRY--PERSONAL NAME | মুখ্য সংলেখ - ব্যাক্তিনাম
Personal name | ব্যাক্তিনাম Jana,Sandip
245 ## - TITLE STATEMENT | অাখ্যা বিবরণী
Title | অাখ্যা Mathematics for competitive examinations
Sub title | উপঅাখ্যা For NET, SET, GATE, RET, JAM, SLST & M.SC. Ent.
Statement of responsibility | লেখকের দায়িত্বের বিবরণ Sandip Jana, Sukhendu Kar and Susanta Mandal
260 ## - IMPRINT | প্রকাশনা ক্ষেত্র
Place of publication | প্রকাশ স্থান Kolkata
Name of publisher | প্রকাশকের নাম Academic Publishers
Date of publication | প্রকাশ কাল 2020
300 ## - PHYSICAL DESCRIPTION |
Page / Vol. No | পৃষ্ঠা / খন্ড সংখ্যা 680 p.
650 ## - SUBJECT ADDED ENTRY--TOPICAL TERM | বিষয় শিরোনাম - মূল বিষয়
Topical term | মূল বিষয় Mathematics
700 ## - ADDED ENTRY--PERSONAL NAME | অতিরিক্ত সংলেখ - ব্
Relator code | দায়িত্ব নির্দেশক Auth
Personal name | ব্যাক্তিনাম Kar, Sukhendu
700 ## - ADDED ENTRY--PERSONAL NAME | অতিরিক্ত সংলেখ - ব্
Relator code | দায়িত্ব নির্দেশক Auth
Personal name | ব্যাক্তিনাম Mandal, Susanta
850 ## - HOLDING INSTITUTION
Holding institution LCLIB
942 ## - ADDED ENTRY ELEMENTS (KOHA)
Koha item type Books
Holdings
Withdrawn status Lost status Source of classification Damaged status Not for loan Home library Current library Date acquired Price Total Checkouts Full call number Accession No. Date last seen Price effective from Koha item type Coded location qualifier
    Dewey Decimal Classification     Loreto College Loreto College 09/03/2022 650.00   510 JAN 54038 47004 09/03/2022 09/03/2022 Books  
    Dewey Decimal Classification     Loreto College Loreto College 09/03/2022 650.00   510 JAN 54039 47005 09/03/2022 09/03/2022 Books